[Event "Charleroi op"]
[Site "Roux"]
[Date "2019.07.29"]
[Round "3"]
[White "Faybish, Nimrod"]
[Black "Lugovskoy, Maxim"]
[Result "0-1"]
[WhiteElo "2220"]
[BlackElo "2425"]
[PlyCount "94"]
[EventDate "2019.07.27"]
[EventType "swiss"]
[EventRounds "9"]
[EventCountry "BEL"]
[SourceTitle "CBM 191 Extra"]
[Source "ChessBase"]
[SourceDate "2019.09.30"]
[SourceVersion "1"]
[SourceVersionDate "2019.09.30"]
[SourceQuality "1"]

1. d4 d5 2. c4 e6 3. Nc3 a6 4. cxd5 exd5 5. Nf3 c6 6. Qc2 Be7 7. Bf4 Nd7 8. e3 Ngf6 9. h3 0-0 10. Bd3 Re8 11. 0-0 Nf8 12. Rab1 a5 13. a3 Bd6 14. Bxd6 Qxd6 15. b4 axb4 16. axb4 b5 17. Ne5 N6d7 18. Nxd7 Bxd7 19. Ne2 g6 20. Nf4 Ra3 21. Rb3 Rea8 22. Rfb1 Ra2 23. R3b2 R2a3 24. Rb3 R3a6 25. Qc5 Qf6 26. Qc3 Bc8 27. Ne2 Ne6 28. Ng3 h5 29. f4 Ng7 30. Re1 h4 31. Nf1 Ra2 32. Bb1 R2a6 33. Nh2 Nh5 34. Ng4 Bxg4 35. hxg4 Ng3 36. g5 Qe6 37. Bc2 Ra2 38. Kh2 Qg4 39. Rb2 R8a3 40. Qxc6 Ne4 41. Rbb1 h3 42. Qe8+ Kg7 43. Qe5+ Kh7 44. Bxe4 Rxg2+ 45. Kh1 dxe4 46. Qd5 Rh2+ 47. Kxh2 Qg2# 0-1

[Event "Charleroi op"]
[Site "Roux"]
[Date "2019.07.28"]
[Round "2"]
[White "Miulescu, Gabriel"]
[Black "Faybish, Nimrod"]
[Result "0-1"]
[WhiteElo "2020"]
[BlackElo "2220"]
[PlyCount "110"]
[EventDate "2019.07.27"]
[EventType "swiss"]
[EventRounds "9"]
[EventCountry "BEL"]
[SourceTitle "CBM 191 Extra"]
[Source "ChessBase"]
[SourceDate "2019.09.30"]
[SourceVersion "1"]
[SourceVersionDate "2019.09.30"]
[SourceQuality "1"]

1. e4 c5 2. Nf3 d6 3. d4 cxd4 4. Nxd4 Nf6 5. Nc3 a6 6. Be3 e5 7. Nb3 Be6 8. f3 h5 9. Qd2 Nbd7 10. 0-0-0 Be7 11. Kb1 Rc8 12. h3 b5 13. f4 Qc7 14. Bd3 b4 15. Ne2 a5 16. f5 Bc4 17. g4 a4 18. Nbc1 hxg4 19. hxg4 Rxh1 20. Rxh1 Nxg4 21. Rh8+ Nf8 22. Bg1 Bg5 23. Qd1 Nf6 24. Rh2 Ke7 25. Rg2 Bh6 26. Ng3 N8d7 27. Bxc4 Qxc4 28. Qd3 Bxc1 29. Qxc4 Rxc4 30. Kxc1 b3 31. axb3 axb3 32. Kd1 Nxe4 33. cxb3 Rb4 34. Nh5 Rxb3 35. Nxg7 Rg3 36. f6+ Kd8 37. Rxg3 Nxg3 38. Bf2 Ne4 39. Bh4 Nexf6 40. Nh5 Ke7 41. b4 Ke6 42. Ng7+ Kd5 43. Nf5 Ne8 44. Kd2 Ke4 45. Ne7 d5 46. Kc3 Nd6 47. Bf2 d4+ 48. Kb3 Nb6 49. Nc6 f5 50. Bh4 f4 51. Kc2 Nbc4 52. Bf2 Nb5 53. Kb3 d3 54. Na5 d2 55. Kc2 Nc3 0-1

[Event "Charleroi op"]
[Site "Roux"]
[Date "2019.07.27"]
[Round "1"]
[White "Faybish, Nimrod"]
[Black "Zamparo, Sergio"]
[Result "0-1"]
[WhiteElo "2220"]
[BlackElo "2031"]
[PlyCount "60"]
[EventDate "2019.07.27"]
[EventType "swiss"]
[EventRounds "9"]
[EventCountry "BEL"]
[SourceTitle "CBM 191 Extra"]
[Source "ChessBase"]
[SourceDate "2019.09.30"]
[SourceVersion "1"]
[SourceVersionDate "2019.09.30"]
[SourceQuality "1"]

1. c4 e6 2. g3 d5 3. Bg2 Nf6 4. Nf3 Be7 5. b3 0-0 6. 0-0 a5 7. a3 d4 8. Bb2 Nc6 9. e3 e5 10. exd4 exd4 11. Re1 Bg4 12. d3 Qd7 13. Nbd2 Rfe8 14. Qc2 Bc5 15. Ng5 h6 16. Nge4 Nxe4 17. Nxe4 Bf8 18. c5 Be6 19. Rab1 Bd5 20. Ba1 f5 21. Bh3 Ne5 22. Nd2 Bc6 23. b4 axb4 24. axb4 Kh8 25. b5 Bxb5 26. Bxf5 Qxf5 27. Rxb5 Nxd3 28. Rxe8 Qxf2+ 29. Kh1 Rc8 30. Rd8 Rxd8 0-1

[Event "Charleroi op 3rd"]
[Site "Charleroi"]
[Date "2004.07.31"]
[Round "1"]
[White "Maesfranckx, Philippe"]
[Black "Faybish, Nimrod"]
[Result "0-1"]
[WhiteElo "1737"]
[BlackElo "2178"]
[PlyCount "53"]
[EventDate "2004.07.03"]
[EventType "swiss"]
[EventRounds "9"]
[EventCountry "BEL"]
[SourceTitle "CBM 101 Extra"]
[Source "ChessBase"]
[SourceDate "2004.09.01"]
[SourceVersion "2"]
[SourceVersionDate "2004.09.01"]
[SourceQuality "1"]

1. e4 c5 2. Nf3 g6 3. Bc4 Nc6 4. d4 cxd4 5. Nxd4 Bg7 6. Nxc6 bxc6 7. Qf3 e6 8. Nc3 Ne7 9. Bg5 0-0 10. Bf6 d5 11. 0-0-0 Bd7 12. Bb3 Bxf6 13. Qxf6 Nc8 14. Qf4 Nb6 15. h4 a5 16. a4 Qe7 17. h5 d4 18. Nb1 c5 19. hxg6 fxg6 20. Qc7 Rab8 21. Rh2 c4 22. Ba2 e5 23. Bxc4+ Nxc4 24. Qxc4+ Be6 25. Qa6 Rxf2 26. Rdh1 Qg5+ 27. Kd1 0-1

[Event "BEL-ch op"]
[Site "Charleroi"]
[Date "2001.07.??"]
[Round "8"]
[White "Marechal, Andy"]
[Black "Faybish, Nimrod"]
[Result "0-1"]
[WhiteElo "2371"]
[BlackElo "2227"]
[PlyCount "68"]
[EventDate "2001.07.??"]
[EventType "swiss"]
[EventRounds "9"]
[EventCountry "BEL"]
[SourceTitle "EXT 2003"]
[Source "ChessBase"]
[SourceDate "2002.11.25"]
[SourceVersion "1"]
[SourceVersionDate "2002.11.25"]
[SourceQuality "1"]

1. e4 c5 2. Nc3 Nc6 3. g3 g6 4. Bg2 Bg7 5. d3 d6 6. f4 Nf6 7. Nf3 0-0 8. 0-0 Rb8 9. h3 Nd7 10. Be3 Nd4 11. Bf2 Nxf3+ 12. Bxf3 b5 13. a3 Nb6 14. g4 Na4 15. Nxa4 bxa4 16. d4 Rxb2 17. dxc5 Ba6 18. Re1 dxc5 19. e5 Qc7 20. c3 Rb3 21. Bd5 Rd8 22. Bxb3 Rxd1 23. Bxd1 g5 24. Bf3 gxf4 25. Rad1 Bxe5 26. Rd5 Bd6 27. Rdd1 Bb7 28. Bd5 Bxd5 29. Rxd5 Qb7 30. Red1 Qb2 31. c4 Qxa3 32. R1d3 Qa2 33. Bxc5 Bxc5+ 34. Rxc5 Qb1+ 0-1

[Event "BEL-chT 0001"]
[Site "Belgium"]
[Date "2000.11.17"]
[Round "3"]
[White "Piceu, Tom"]
[Black "Faybish, Nimrod"]
[Result "1/2-1/2"]
[WhiteElo "2179"]
[BlackElo "2211"]
[PlyCount "76"]
[EventDate "2000.11.18"]
[EventType "team"]
[EventRounds "13"]
[EventCountry "BEL"]
[SourceTitle "CBM 081 Extra"]
[Source "ChessBase"]
[SourceDate "2001.05.06"]
[SourceVersion "1"]
[SourceVersionDate "2001.05.06"]
[SourceQuality "1"]

1. d4 g6 2. c4 Bg7 3. Nc3 d6 4. e4 e5 5. dxe5 dxe5 6. Qxd8+ Kxd8 7. Be3 Be6 8. Nf3 f6 9. 0-0-0+ Nd7 10. Nd2 Nh6 11. Be2 c6 12. Nb3 Kc7 13. Rd2 Rhd8 14. Rhd1 Bf8 15. h3 Nf7 16. Rc2 Nd6 17. Nd2 Nf7 18. a3 b6 19. f3 Kb7 20. Na4 Be7 21. Nb1 f5 22. Bd3 f4 23. Bf2 g5 24. b3 h5 25. Kb2 g4 26. hxg4 hxg4 27. fxg4 Bxg4 28. Be2 Nf6 29. Rxd8 Rxd8 30. Bh4 Bxe2 31. Rxe2 Ng8 32. Bxe7 Nxe7 33. Rd2 Rxd2+ 34. Nxd2 Ng6 35. Nf3 Nd6 36. Nc3 Kc7 37. Kc2 Kd7 38. Kd3 Ke6 1/2-1/2

[Event "Porto San Giorgio op 12th"]
[Site "Porto San Giorgio"]
[Date "2000.08.27"]
[Round "8"]
[White "Naumkin, Igor"]
[Black "Faybish, Nimrod"]
[Result "1-0"]
[WhiteElo "2440"]
[BlackElo "2211"]
[PlyCount "81"]
[EventDate "2000.08.20"]
[EventType "swiss"]
[EventRounds "9"]
[EventCountry "ITA"]
[SourceTitle "EXT 2001"]
[Source "ChessBase"]
[SourceDate "2000.11.22"]
[SourceVersion "1"]
[SourceVersionDate "2000.11.22"]
[SourceQuality "1"]

1. d4 g6 2. c4 Bg7 3. Nc3 d6 4. e4 e5 5. Nf3 Nd7 6. Be2 Ne7 7. d5 0-0 8. h4 Nf6 9. Nd2 c6 10. h5 b5 11. hxg6 hxg6 12. dxc6 b4 13. Nd5 Nxc6 14. Nxf6+ Bxf6 15. Nf3 Nd4 16. Nxd4 exd4 17. Qd2 Re8 18. f3 Rb8 19. Qh6 Re5 20. Bf4 Rc5 21. Bd3 Be6 22. b3 Bg7 23. Qh7+ Kf8 24. Bh6 Bxh6 25. Qxh6+ Ke7 26. Qg7 Kd7 27. f4 a5 28. Qxd4 a4 29. Rd1 Qb6 30. Be2 Ke7 31. g4 axb3 32. axb3 Ra5 33. Qd2 f6 34. g5 fxg5 35. f5 gxf5 36. Rh7+ Kf6 37. Rh6+ Ke5 38. Qxg5 Rg8 39. Qf6+ Kf4 40. Rh4+ Rg4 41. Rxg4+ 1-0

[Event "Porto San Giorgio op 12th"]
[Site "Porto San Giorgio"]
[Date "2000.08.25"]
[Round "6"]
[White "Grigore, George Gabriel"]
[Black "Faybish, Nimrod"]
[Result "0-1"]
[WhiteElo "2508"]
[BlackElo "2211"]
[PlyCount "100"]
[EventDate "2000.08.20"]
[EventType "swiss"]
[EventRounds "9"]
[EventCountry "ITA"]
[SourceTitle "EXT 2001"]
[Source "ChessBase"]
[SourceDate "2000.11.22"]
[SourceVersion "1"]
[SourceVersionDate "2000.11.22"]
[SourceQuality "1"]

1. d4 Nf6 2. c4 g6 3. Nc3 Bg7 4. e4 d6 5. Be2 0-0 6. Nf3 e5 7. 0-0 Nc6 8. d5 Ne7 9. Nd2 a5 10. a3 Nd7 11. Rb1 f5 12. b4 Kh8 13. f3 c6 14. bxa5 Nc5 15. Nb3 Nxb3 16. Rxb3 Rxa5 17. Be3 c5 18. f4 fxe4 19. Nxe4 Nf5 20. Bd2 Ra6 21. Bg4 Nd4 22. Rh3 Kg8 23. Ng5 h6 24. Be6+ Bxe6 25. Nxe6 Nxe6 26. dxe6 Qf6 27. fxe5 Qxf1+ 28. Qxf1 Rxf1+ 29. Kxf1 dxe5 30. e7 Kf7 31. Bxh6 Bxh6 32. Rxh6 Kxe7 33. Rh7+ Ke6 34. Rxb7 Ra4 35. Ke2 Rxc4 36. Rb2 Kd5 37. Ra2 Ra4 38. Kd3 e4+ 39. Kc3 g5 40. Rd2+ Ke5 41. Kb3 Rd4 42. Kc3 Rxd2 43. Kxd2 Kd4 44. a4 c4 45. a5 c3+ 46. Ke2 e3 47. a6 c2 48. a7 c1Q 49. a8Q Qc2+ 50. Kf3 Qf5+ 0-1

[Event "Porto San Giorgio op 12th"]
[Site "Porto San Giorgio"]
[Date "2000.08.21"]
[Round "2"]
[White "Faybish, Nimrod"]
[Black "Foisor, Ovidiu Doru"]
[Result "0-1"]
[WhiteElo "2211"]
[BlackElo "2404"]
[PlyCount "82"]
[EventDate "2000.08.20"]
[EventType "swiss"]
[EventRounds "9"]
[EventCountry "ITA"]
[SourceTitle "EXT 2001"]
[Source "ChessBase"]
[SourceDate "2000.11.22"]
[SourceVersion "1"]
[SourceVersionDate "2000.11.22"]
[SourceQuality "1"]

1. e4 e6 2. d4 d5 3. e5 c5 4. c3 Nc6 5. Nf3 Bd7 6. a3 c4 7. Be2 Na5 8. Nbd2 Ne7 9. 0-0 Nc8 10. Ne1 Nb6 11. Bf3 Be7 12. g3 Qc7 13. Bg2 0-0-0 14. f4 f5 15. exf6 gxf6 16. Ndf3 Na4 17. Nc2 Qb6 18. Nb4 Nb3 19. Rb1 a5 20. Nc2 Nxc1 21. Qxc1 Rdg8 22. Ne3 Bc6 23. Re1 Bd6 24. Kh1 Kb8 25. Nh4 f5 26. Nf3 h5 27. Nf1 Bd7 28. Qc2 Qc7 29. Qc1 h4 30. Nxh4 Bxf4 31. gxf4 Rxh4 32. Re5 Bc8 33. Ne3 Qh7 34. Nf1 Qh6 35. Qd1 Nb6 36. Qe1 Qxf4 37. Rxe6 Bxe6 38. Qxe6 Rgh8 39. Qxb6 Rxh2+ 40. Kg1 Rxg2+ 41. Kxg2 Rg8+ 0-1

[Event "BEL-chB"]
[Site "Ghent"]
[Date "2000.07.??"]
[Round "1"]
[White "Goormachtigh, Johan"]
[Black "Faybish, Nimrod"]
[Result "1-0"]
[WhiteElo "2308"]
[BlackElo "2233"]
[PlyCount "81"]
[EventDate "2000.07.??"]
[EventType "tourn"]
[EventRounds "9"]
[EventCountry "BEL"]
[SourceTitle "EXT 2003"]
[Source "ChessBase"]
[SourceDate "2002.11.25"]
[SourceVersion "1"]
[SourceVersionDate "2002.11.25"]
[SourceQuality "1"]

1. d4 Nf6 2. c4 g6 3. Nc3 Bg7 4. e4 d6 5. Be2 0-0 6. Nf3 e5 7. Be3 exd4 8. Nxd4 Re8 9. f3 c6 10. Qd2 d5 11. exd5 cxd5 12. 0-0 Nc6 13. c5 Rxe3 14. Qxe3 Qf8 15. Ncb5 Qxc5 16. Qf2 Bd7 17. Nb3 Qc2 18. Rfb1 Re8 19. Bf1 Nb4 20. N5d4 Qc7 21. a3 Nc6 22. Nb5 Qb8 23. Re1 Rd8 24. Rad1 Be6 25. N3d4 Bd7 26. Nb3 Be6 27. Nc5 a6 28. Nc3 d4 29. Nxe6 fxe6 30. Ne4 Nd5 31. Bc4 Kh8 32. Ng5 Rd7 33. Bxd5 Rxd5 34. Nxe6 Be5 35. Qh4 d3 36. f4 Bxb2 37. Ng5 Rd7 38. Rxd3 Nd4 39. Rde3 Ne2+ 40. R3xe2 Bd4+ 41. Kh1 1-0

[Event "BEL-chB"]
[Site "Ghent"]
[Date "2000.07.??"]
[Round "7"]
[White "Van Mechelen, Jan"]
[Black "Faybish, Nimrod"]
[Result "1-0"]
[WhiteElo "2245"]
[BlackElo "2230"]
[PlyCount "129"]
[EventDate "2000.07.??"]
[EventType "tourn"]
[EventRounds "9"]
[EventCountry "BEL"]
[SourceTitle "EXT 2002"]
[Source "ChessBase"]
[SourceDate "2001.11.25"]
[SourceVersion "1"]
[SourceVersionDate "2001.11.25"]
[SourceQuality "1"]

1. d4 Nf6 2. c4 g6 3. Nc3 Bg7 4. e4 d6 5. Bd3 c6 6. Nge2 a6 7. 0-0 b5 8. cxb5 axb5 9. b4 Na6 10. Rb1 0-0 11. f3 Nc7 12. a4 bxa4 13. Nxa4 Rb8 14. Be3 Nb5 15. Qd2 Re8 16. Rfc1 Bd7 17. Nac3 Nxc3 18. Nxc3 e6 19. Kh1 Rb7 20. Nd1 Qb8 21. Bg1 Rd8 22. Ne3 Bh6 23. Qc3 Nh5 24. Rd1 Nf4 25. Bf1 Bg7 26. Nc4 Be8 27. Na5 Rc7 28. Rdc1 Rdc8 29. Ba6 Qa8 30. Bxc8 Ne2 31. Qc4 Nxc1 32. Bb7 Rxb7 33. Nxb7 Qxb7 34. Qxc1 Qb5 35. Qc2 e5 36. d5 cxd5 37. exd5 Qxd5 38. Qc8 Kf8 39. Ra1 Qc6 40. Qxc6 Bxc6 41. Ra6 Bd7 42. Rxd6 Ke7 43. Bc5 Kd8 44. b5 Kc8 45. b6 Ba4 46. Rd3 Bc6 47. Ra3 h5 48. Ra7 Bb7 49. Bd6 f6 50. Kg1 Bh6 51. Kf2 Bg7 52. Ke3 Bh6+ 53. Kd3 Bf4 54. Kc4 Bxh2 55. Kb5 Bg1 56. Ra1 Be3 57. Rd1 Bd4 58. Rc1+ Kd7 59. Rc7+ Kxd6 60. Rxb7 e4 61. fxe4 Be5 62. Rg7 g5 63. b7 Ke6 64. Rg8 h4 65. Re8+ 1-0

[Event "BEL-chT 9900"]
[Site "Antwerp"]
[Date "2000.02.06"]
[Round "9"]
[White "Faybish, Nimrod"]
[Black "Van Leeuwen, Etienne"]
[Result "1/2-1/2"]
[WhiteElo "2229"]
[BlackElo "2121"]
[PlyCount "114"]
[EventDate "1999.10.08"]
[EventType "team"]
[EventRounds "11"]
[EventCountry "BEL"]
[SourceTitle "CBM 075 Extra"]
[Source "ChessBase"]
[SourceDate "2000.05.11"]
[SourceVersion "2"]
[SourceVersionDate "2000.05.11"]
[SourceQuality "1"]

1. e4 d5 2. exd5 Nf6 3. Nf3 Nxd5 4. d4 g6 5. g3 Bg7 6. Bg2 0-0 7. 0-0 Nc6 8. c3 Nb6 9. Bf4 Bg4 10. h3 Bxf3 11. Qxf3 e6 12. h4 Qd7 13. h5 Nd5 14. h6 Bf6 15. Bc1 Bh8 16. Nd2 f5 17. Nb3 Rae8 18. Nc5 Qc8 19. Nxe6 Rxe6 20. Qxd5 Bf6 21. Qc4 Kh8 22. d5 Ne5 23. Qa4 Rb6 24. Qc2 Ng4 25. Bd2 Rd6 26. Rae1 c6 27. Bf4 Rdd8 28. dxc6 bxc6 29. Qa4 g5 30. Bc1 Qc7 31. Qxc6 Qf7 32. Bh3 Ne5 33. Qh1 Nd3 34. Rd1 g4 35. Bg2 Qxa2 36. Qh5 Be7 37. Be3 Qe6 38. Bd4+ Rxd4 39. cxd4 Nxb2 40. d5 Qd6 41. Rc1 Nd3 42. Rc6 Qd7 43. Rd1 Ne5 44. Re6 Ng6 45. Rde1 a5 46. Bf1 Bb4 47. Rd1 Bc5 48. Qg5 Qf7 49. Rd2 f4 50. gxf4 Nxf4 51. Qg7+ Qxg7 52. hxg7+ Kxg7 53. Re4 g3 54. d6 Bxf2+ 55. Rxf2 gxf2+ 56. Kh2 Nd5 57. Re5 Nf6 1/2-1/2

[Event "BEL-chT 9899"]
[Site "Antwerp"]
[Date "1999.03.??"]
[Round "8"]
[White "Faybish, Nimrod"]
[Black "Fleischer, Uwe"]
[Result "1-0"]
[WhiteElo "2230"]
[BlackElo "2115"]
[PlyCount "67"]
[EventDate "1998.10.??"]
[EventType "team"]
[EventRounds "11"]
[EventCountry "BEL"]
[SourceTitle "EXT 2000"]
[Source "ChessBase"]
[SourceDate "1999.11.16"]
[SourceVersion "1"]
[SourceVersionDate "1999.11.16"]
[SourceQuality "1"]

1. e4 c5 2. Nf3 d6 3. Bc4 Nf6 4. c3 g6 5. 0-0 Bg7 6. Re1 0-0 7. Bb3 Nc6 8. h3 b6 9. d4 e6 10. Bf4 Bb7 11. Na3 Ne7 12. Bc2 d5 13. e5 Nd7 14. Qd2 a6 15. Bg5 Qe8 16. Rac1 Kh8 17. Re2 Ng8 18. Rce1 Qc8 19. Qf4 Qc6 20. Qh4 Rae8 21. Nh2 a5 22. Bd3 c4 23. Bb1 b5 24. Ng4 b4 25. Nc2 Qb6 26. Nce3 Ba6 27. Nf6 Bxf6 28. exf6 Qd8 29. Ng4 Bb7 30. Re3 e5 31. dxe5 Re6 32. Nh6 Nxh6 33. Bxh6 Rg8 34. Bg7+ 1-0